Petite historie de l'art et des artistes: la peinture et les peintres

Zapisane w:
Opis bibliograficzny
Główni autorzy: Hillyer, V. M (Autor), Huey, E. G (Autor)
Format: Książka
Język:francuski
Wydane: París Fernand Nathan 1949
Hasła przedmiotowe:
Etykiety: Dodaj etykietę
Nie ma etykietki, Dołącz pierwszą etykiete!

MARC

LEADER 00000nam a2200000 a 4500
001 UCH3258
003 CL-VaPUC
008 090723e19490000FR |||||||||||||||||fre|d
082 0 4 |a 759  |b HIL  |2 21 
100 0 |a Hillyer, V. M  |e author  |9 538561 
700 0 |a Huey, E. G  |e author  |9 538562 
245 1 0 |a Petite historie de l'art et des artistes: la peinture et les peintres 
300 |a 159 p 
942 |c BK 
945 |d 20090723 00:00:00  |a rbrito 
260 |a París  |b Fernand Nathan  |c 1949 
650 0 |a Historia del arte  |9 314877 
650 7 |a HISTORIA DE LA PINTURA  |2 CL-VaPUC  |9 500518 
650 0 |a Pintores   |9 265963 
583 |a last modification  |c 20090723 00:00:00  |k Rodrigo Vera 
999 |c 334875  |d 334873 
952 |0 0  |1 0  |4 0  |6 759_000000000000000_HIL_1949  |7 0  |8 X  |9 424134  |a FDOBUD  |b FDOBUD  |d 2019-11-22  |i 4558669  |o 759 HIL 1949  |p 4558669  |r 2019-11-22  |w 2019-11-22  |y BK_X  |k BUD